Matematika pre 2. ročník ZŠ. Pracovný zošit 2

Bibliographic Details
Main Authors: Černek, Pavol, 1952- (Author), Repáš, Vladimír (Author)
Other Authors: Kolačková, Jarka, 1953- (Illustrator)
Format: Book
Language:Slovak
PhysicalDescription:80 s. fareb. ilustr. 29 cm
Published: Bratislava Orbis Pictus Istropolitana 2003
ISBN:8071584835
Edition:[9. vyd.]
Subjects:

MARC

LEADER 00000nam a2200000 a 4500
001 vtls001465007
003 SK-MaSNL
005 20260301163342.0
008 240314s2003 xo a r slo
015 |a SNBA2003/12-05104 
020 |a 8071584835 
035 |a SNK000420312 
035 |a urn:nbn:sk:snk-amlugx 
035 |a urn:nbn:sk:snk-am00cce7 
035 |a 38805748-139A-474F-8F0E-1BB2F3B06F37 
040 |a SNK  |b slo  |c SNK  |e AACR2 
041 0 |a slo 
044 |a xo  |c SK 
072 7 |a 51  |2 konspekt 
080 |a 37.016:51-028.31(075.2)(076.5)  |2 2. slo 
080 |a 51  |2 1981 
080 |a (075.2)  |2 1981 
100 1 |a Černek, Pavol,  |d 1952-  |4 aut  |9 7554 
245 1 0 |a Matematika pre 2. ročník ZŠ. Pracovný zošit 2  |c [autori: Pavol Černek, Vladimír Repáš ; ilustrácie Jaroslava Kolačková] 
250 |a [9. vyd.] 
260 |a Bratislava  |b Orbis Pictus Istropolitana  |c 2003 
300 |a 80 s.  |b fareb. ilustr.  |c 29 cm 
650 0 7 |a matematika  |x učebnice zákl. škôl (2. roč.)  |x zošity pracovné  |2 SNK  |9 276441 
650 0 7 |a matematika  |2 eng  |2 SNK  |9 70174 
655 7 |a učebnice  |2 SNK  |9 22521 
655 7 |a učebnice stredných škôl  |2 SNK  |9 69323 
700 1 |a Repáš, Vladimír  |4 aut  |9 213413 
700 1 |a Kolačková, Jarka,  |d 1953-  |4 ill  |9 8415 
919 |a 80-7158-483-5 
968 |d 37 
999 |c 816765  |d 818695 
952 |t P60, <03>, [BOOK], {603}  |a SNK  |b SNK  |y PREZ  |7 0  |p 17A0405480  |o snkSB 67728/2  |i snkKSP 15469/2003  |0 0  |1 0  |4 0  |d 2003-12-08  |f 1  |l 0  |r 2025-04-16 00:00:00  |w 2026-02-24 
952 |t P60, <04>, [BOOK], {604}  |a SNK  |b SNK  |y VYP  |7 0  |p 17A0405596  |o snkSB 67728/2 D1  |i snkKSP 15626/2003  |0 0  |1 0  |4 0  |d 2003-12-09  |l 0  |r 2005-01-02 00:00:00  |w 2026-02-24